ඇමති දියණි = The Minister's Daughter/

Saved in:
Bibliographic Details
Main Author: එග්බුනා, ඩබ්ලිව්.බී
Other Authors: සිරිවර්ධන, කුමාර (පරිවර්තනය)
Format: Unknown
Language:English
Sinhalese
Published: කොළඹ : සුසර ප්‍රකාශකයෝ, 2022.
Tags: Add Tag
No Tags, Be the first to tag this record!

MARC

LEADER 00000 a2200000 4500
003 LK-CoPL
005 20260127141009.0
008 230807b ||||| |||| 00| 0 eng d
020 |a 9786245941025 
040 |a LK-CoPL  |b sin  |d LK-CoPL 
041 |a sin 
082 |2 23  |a ප්‍ර [896.3]  |b එග්බු 
100 |a එග්බුනා, ඩබ්ලිව්.බී. 
245 |a ඇමති දියණි = The Minister's Daughter/  |c ඩබ්ලි්ව්.බී.එග්බුනා 
260 |a කොළඹ :  |b සුසර ප්‍රකාශකයෝ,  |c 2022. 
300 |a පි.136 ;  |c සෙ.මි.21 
500 |a නයිජීරියානු ලේඛක obi B.Egbuna ලියු The Minister's Daughter නව කතාවේ අසංක්ෂිප්ත පරිවර්තනය 
700 |a සිරිවර්ධන, කුමාර  |e පරිවර්තනය  |9 323 
999 |c 12950  |d 12950